The devil by name / Keith Rosson.
Available copies
- 2 of 2 copies available at LARL/NWRL Consortium.
- 2 of 2 copies available at Lake Agassiz Regional Library. (Show preferred library)
Current holds
0 current holds with 2 total copies.
Show Only Available Copies
| Location | Call Number / Copy Notes | Barcode | Shelving Location | Status | Due Date |
|---|---|---|---|---|---|
| Detroit Lakes Public Library | ROS (Text) | 33500014050231 | Main | Available | - |
| Moorhead Public Library | ROS (Text) | 33500014050223 | Main | Available | - |
Record details
- ISBN: 9780593595787
- ISBN: 0593595785
- Physical Description: 386 pages ; 25 cm
- Edition: First edition.
- Publisher: New York : Random House, [2024]
- Copyright: ©2024
Content descriptions
| Summary, etc.: | "Five years after the event that drove most of the ... Read More |
Search for related items by subject
| Subject: | Conspiracies > Fiction. Families > Fiction. Portland (Or.) > Fiction. |
| Genre: | Apocalyptic fiction. Horror fiction. Novels. |
Search for related items by series
| LDR | 03246cam a22005538i 4500 | ||
|---|---|---|---|
| 001 | 435875 | ||
| 003 | LARL_NWRL_CONSORTIUM | ||
| 005 | 20240904162537.0 | ||
| 008 | 231103t20242024nyu 000 f eng | ||
| 010 | . | ‡a 2023050553 | |
| 040 | . | ‡aDLC ‡beng ‡erda ‡cDLC ‡dYDX ‡dBDX ‡dOCLCF ‡dOCLCO ‡dPCX ‡dOJ4 ‡dOCLCO | |
| 019 | . | ‡a1452965839 | |
| 020 | . | ‡a9780593595787 ‡q(hardcover ; ‡qacid-free paper) | |
| 020 | . | ‡a0593595785 | |
| 020 | . | ‡z9780593595794 ‡q(ebook) | |
| 035 | . | ‡a(OCoLC)1409214280 ‡z(OCoLC)1452965839 | |
| 042 | . | ‡apcc | |
| 043 | . | ‡an-us-or | |
| 082 | 0 | 0. | ‡a813/.6 ‡223/eng/20231113 |
| 100 | 1 | . | ‡aRosson, Keith ‡c(Novelist), ‡eauthor. ‡1https://id.oclc.org/worldcat/entity/E39PCjqykbHCJpQCc8mWQfRjwd |
| 245 | 1 | 4. | ‡aThe devil by name / ‡cKeith Rosson. |
| 250 | . | ‡aFirst edition. | |
| 264 | 1. | ‡aNew York : ‡bRandom House, ‡c[2024] | |
| 264 | 4. | ‡c©2024 | |
| 300 | . | ‡a386 pages ; ‡c25 cm | |
| 336 | . | ‡atext ‡btxt ‡2rdacontent | |
| 337 | . | ‡aunmediated ‡bn ‡2rdamedia | |
| 338 | . | ‡avolume ‡bnc ‡2rdacarrier | |
| 490 | 0 | . | ‡aFever house ; ‡v2 |
| 520 | . | ‡a"Five years after the event that drove most of the global population to madness, the world is overrun with the "fevered"-once-human, zombielike creatures drawn indiscriminately to violence and murder. In a campaign to return the country to normalcy, the massive corporation known as Terradyne Industries has merged with the U.S. government in a partnership of dubious motives, quarantining major American cities behind towering walls and corralling the afflicted there with the hope, they say, of developing a vaccine. In Portland, where it all began, guilt-ridden detective John Bonner scours the city's darkest corners for clues to humanity's redemption. In New England, Katherine Moriarty mourns the devastating losses of her husband and son while in hiding from Terradyne. And across the ocean in France, a sixteen-year-old girl named Naomi Laurent discovers she has a disturbing and powerful gift - which may just be the key to the world's salvation. As the lives of these characters inevitably intertwine across a ravaged American landscape, this chilling sequel to Fever House is a heart-stopping, breakneck saga of survival. Equal parts gruesome and beautiful, The Devil by Name is united by characters who want more than just to live another day. Everything starts and ends in the fever house"-- ‡cProvided by publisher. | |
| 650 | 0. | ‡aConspiracies ‡vFiction. ‡0(LARL_NWRL_CONSORTIUM)164235 | |
| 650 | 0. | ‡aFamilies ‡vFiction. ‡0(LARL_NWRL_CONSORTIUM)164942 | |
| 651 | 0. | ‡aPortland (Or.) ‡vFiction. ‡0(LARL_NWRL_CONSORTIUM)166579 | |
| 655 | 7. | ‡aApocalyptic fiction. ‡2lcgft | |
| 655 | 7. | ‡aHorror fiction. ‡2lcgft | |
| 655 | 7. | ‡aNovels. ‡2lcgft | |
| 700 | 1 | 2. | ‡iSequel to: ‡aRosson, Keith ‡c(Novelist). ‡tFever house. |
| 776 | 0 | 8. | ‡iOnline version: ‡aRosson, Keith. ‡tDevil by name. ‡bFirst edition ‡dNew York : Random House, 2024 ‡z9780593595794 ‡w(DLC) 2023050554 |
| 901 | . | ‡a435875 ‡bOCoLC ‡c435875 ‡tbiblio ‡soclc | |

Add to basket
Permalink
Disable Highlighting